Barnsley's land options (Record no. 103842)

MARC details
000 -LEADER
fixed length control field 01324cam a2200301 4500
008 - FIXED-LENGTH DATA ELEMENTS--GENERAL INFORMATION
fixed length control field 041116n2005 000 0 eng u
020 ## - INTERNATIONAL STANDARD BOOK NUMBER
International Standard Book Number 0421856106
035 ## - SYSTEM CONTROL NUMBER
System control number (Sirsi) u127974
041 ## - LANGUAGE CODE
Language code of text/sound track or separate title eng
050 ## - LIBRARY OF CONGRESS CALL NUMBER
Classification number 346.410438
-- 18
100 ## - MAIN ENTRY--PERSONAL NAME
Personal name Rosenthal, Adam
245 ## - TITLE STATEMENT
Title Barnsley's land options
250 ## - EDITION STATEMENT
Edition statement 4th ed.
260 ## - PUBLICATION, DISTRIBUTION, ETC.
Place of publication, distribution, etc. London
Name of publisher, distributor, etc. Sweet and Maxwell
Date of publication, distribution, etc. 2005
300 ## - PHYSICAL DESCRIPTION
Extent lv, 406p.
Dimensions 25cm.
350 ## - PRICE (NR) (BK AM CF MU VM SE) [OBSOLETE]
Price 155.00
490 ## - SERIES STATEMENT
Series statement Sweet and Maxwell Property and Conveyancing Library
520 ## - SUMMARY, ETC.
Summary, etc. The new edition of this leading work on land options in England and Wales reflects the enactment of the Land Registration Act 2002 and other recent changes in the law of real property. It is aimed at practitioners. Coverage includes the creation of inter vivos options to buy, the transfer of options - benefit and burden, the exercise of options, testamentary options and further treatment of options in leases, remedies and options in tax. States the law as at 31 October 2004. Includes tables of cases, statutes and statutory instruments.
520 ## - SUMMARY, ETC.
Summary, etc. Supersedes 3rd edition (ISBN 0752005871)
590 ## - LOCAL NOTE (RLIN)
Local note NB
650 ## - SUBJECT ADDED ENTRY--TOPICAL TERM
Topical term or geographic name entry element LAND REGISTRATION ACT 2002
650 ## - SUBJECT ADDED ENTRY--TOPICAL TERM
Topical term or geographic name entry element OPTION AGREEMENTS
650 ## - SUBJECT ADDED ENTRY--TOPICAL TERM
Topical term or geographic name entry element OPTIONS TO PURCHASE
690 ## - LOCAL SUBJECT ADDED ENTRY--TOPICAL TERM (OCLC, RLIN)
Topical term or geographic name as entry element PROPERTY
700 ## - ADDED ENTRY--PERSONAL NAME
Personal name Dray, Martin
942 ## - ADDED ENTRY ELEMENTS (KOHA)
Suppress in OPAC 0
Holdings
Withdrawn status Lost status Source of classification or shelving scheme Damaged status Not for loan Home library Current library Shelving location Date acquired Cost, normal purchase price Total Checkouts Full call number Barcode Date last seen Date last checked out Copy number Cost, replacement price Price effective from Koha item type
    Dewey Decimal Classification     London London Books 18/04/2005 155.00 1 346.410438 ROS 30069771 06/08/2019 04/07/2005 3 155.00 06/08/2019 Reference material